000 00793nam a2200253 a 4500
001 50024
003 BD-RjUL
005 20211209075439.0
008 160823r19511956ii 001 0 eng d
035 _a(BD-RjUL)50144
040 _aEQO
_cEQO
_beng
041 _aeng
082 _a370.15
_bELE 1956
100 1 _aEllis, Robert Sidney,
_d1890-1980.
_9149924
245 1 0 _aEducational psychology :
_ba problem approach /
_cRobert S. Ellis
250 _aEast-West ed.
260 _aToronto &c :
_bVan Nostrand Reinhold Con,
_c1951 [Reprinted 1956]
300 _axi, 546 p. :
_bill. ;
_c24 cm.
490 1 _aVan Nostrand series in psychology
500 _aInclude index
650 _aEducational psychology
_9149925
830 0 _aVan Nostrand series in psychology
_9149926
942 _2ddc
_cBK
999 _c50024
_d50024